000 00685nam a2200241 4500
001 36994
010 _a9789895704927
021 _aPT
_b549645/25
090 _a36994
100 _a20260213d2025 m y0pory50030103ba
101 0 _apor
102 _aPT
200 1 _aPrometo ficar comigo
_fIsabel Baía Marques
210 9 _a[S.l.]
_cAlma dos Livros
_d2025
215 _a199 p.
_d24 cm
606 _93335
_aPsicologia
675 _a159.923
_vBN
_zpor
675 _a159.942
_vBN
_zpor
700 _aMarques
_bIsabel Baía
_f1987-
_94656
801 0 _aPT
_bBN
_gRPC
856 4 1 _uhttp://rnod.bnportugal.gov.pt/ImagesBN/winlibimg.aspx?skey=&doc=2266690&img=219224&save=true
990 _cLIVROS
994 _aCOMP